| 000 | 01537nam a22002537a 4500 | ||
|---|---|---|---|
| 003 | AR-BeUNQ | ||
| 005 | 20241213134147.0 | ||
| 008 | 241213b20232024||| e i|| 001 j spa d | ||
| 020 | _a9789878667219 | ||
| 040 |
_aAR-BeUNQ _bspa _cAR-BeUNQ _eaacr |
||
| 082 |
_221 _aA863 CHA |
||
| 100 |
_aChappa, Pedro _caut. _d1946 |
||
| 245 |
_aObra reunida _cPedro Chappa _hlibro |
||
| 250 |
_a1a.ed _bespecial |
||
| 260 |
_aCiudad Autónoma de Buenos Aires : _bLeviatán, _c2023 |
||
| 300 |
_a224 p. ; _c29 x 14 cm |
||
| 490 | _aEdició n para la Dirección General de Cultura y Escuelas de la provincia de Buenos Aires | ||
| 500 | _aUna voz desde el margen. Y usted. Cajas Chinas. Cajas Chinas II. A usted. Así fue. Leyenda del pampa de los ojos azules. El Meni. El Territorial. Breve historia de Plumetí. Manguruyú. Urdino. Lingüísticas. De gauchos Puntillas y -coraje, Cálculo. El Encuentro. Inocencias Perdidas. Rescates. Resignación. Idelma. Distintos tonos de verde. Accidentes botánicos. Melita y los combates, El Adoquin, El Angel encargado de construir mi dia. El Juano. Vida Recoleta. Fábula Niña. Hasta el milenio que viene. Junto al camino con un raída Stetson sobre los ojos. Deserción o la escena de la ventana. Pescadores. Cachorros. la noche de las pléyades. | ||
| 650 |
_2tell _aNarrativa Argentina |
||
| 651 |
_2unescot _aArgentina |
||
| 700 |
_aMuller Sueldo, María _dprol. |
||
| 929 |
_aDONACION _bMinisterio de Educación de la Provincia de Buenas Aires _c0 _d0 _e05/11/2024 _fPAT0082636 _j62871 |
||
| 942 | _cLIB | ||
| 999 |
_c1156 _d1156 |
||